MARC

LEADER 00000nam a22000004i 4500
001 28992
003 AGDB
005 20260324181538.0
008 251028s202507 spc||||| |||||0|| 0 cat|c
017 |a B 14179-2025  |b Biblioteca de Catalunya 
020 |a 9788410278486 
040 |a ES-BaBM  |b cat  |e rda  |c ES-BaBM 
100 1 |a Corbera Jaume, Amadeu,  |e autor 
245 1 3 |a La mort i la vida de Baltasar Samper /  |c Amadeu Corbera Jaume 
250 |a Primera edició 
264 1 |a Barcelona :  |b Diputació de Barcelona,  |c juliol de 2025 
300 |a 440 pàgines :  |b fotografies en blanc i negre ;  |c 24 cm 
336 |a text  |b txt  |2 rdacontent 
337 |a sense mediació  |b n  |2 rdamedia 
338 |a volum  |b nc  |2 rdacarrier 
490 1 |a Premi Rafael Patxot i Jubert ;  |v 9 
504 |a Bibliografia: pàgines 383-413 
586 |a Premi Rafael Patxot i Jubert 2023. 
600 1 7 |a Samper, Baltasar,  |d 1888-1966  |2 lemac 
600 1 7 |a Patxot i Jubert, Rafael,  |d 1872-1964  |2 lemac 
610 2 7 |a Obra del Cançoner Popular de Catalunya.  |2 lemac 
830 0 |a Premi Rafael Patxot i Jubert ;  |v 9 
942 |2 udc  |c ARXIU  |n 1 
952 |0 0  |1 0  |4 0  |6 BIB1358  |7 1  |9 98591  |a Arxiu  |b Arxiu  |d 2025-11-03  |l 0  |o Bib-1358  |p 28992  |r 2025-11-03 13:41:01  |w 2025-11-03  |y ARXIU 
999 |c 130336  |d 130336